000 00761nam a2200217Ii 4500
003 JO-AjNU
008 230605s9999||||xx |||||||||||||| ||und||
017 _a2005/8/2079
040 _aJO-AjNU
_bara
_erda
_cJO-AjNU
041 _aara
050 1 4 _aQ180.A1.M36 2007
100 3 _aأبوزينة، فريد كامل / م. مشارك مروان قندلجي واخرووون ,
_eauthor
_927929
245 0 0 _aمناهج البحث العلمي طرق البحث النوعي
250 _aط2
264 3 1 _aعمان:دار المسيرة ،2007
300 _a415ص
336 _atext
_btxt
_2rdacontent
337 _aunmediated
_bn
_2rdamedia
338 _avolume
_bnc
_2rdacarrier
650 4 _aالبحث الميداني - اساليب البحث
_927930
999 _aA10771
_c14339
_d14339